000109291 001__ 109291
000109291 005__ 20230317124135.0
000109291 013__ $$aDE102013106328A1
000109291 0247_ $$2Patent$$aDE102013106328 
000109291 037__ $$aGSI-2015-02204
000109291 041__ $$aGerman
000109291 1001_ $$0P:(DE-Ds200)OR0771$$aMann, Rido$$b0$$eInventor$$ugsi
000109291 245__ $$aHadronen-Geschwindigkeitsmessgerät 
000109291 260__ $$c2014
000109291 3367_ $$2DRIVER$$apatent
000109291 3367_ $$2BibTeX$$aTECHREPORT
000109291 3367_ $$0PUB:(DE-HGF)23$$2PUB:(DE-HGF)$$aPatent$$bpatent$$mpatent$$s1440421675_7281
000109291 3367_ $$015$$2EndNote$$aPatent
000109291 500__ $$aP418; WO002014202499A1
000109291 536__ $$0G:(DE-HGF)POF3-899$$a899 - ohne Topic (POF3-899)$$cPOF3-899$$fPOF III$$x0
000109291 7001_ $$0P:(DE-Ds200)OR0788$$aMaurer, Joachim$$b1$$eInventor$$ugsi
000109291 8564_ $$uhttps://depatisnet.dpma.de/DepatisNet/depatisnet?action=bibdat&docid=DE102013106328A1
000109291 909CO $$ooai:repository.gsi.de:109291$$pVDB
000109291 9101_ $$0I:(DE-Ds200)20121206GSI$$6P:(DE-Ds200)OR0771$$aGSI Helmholtzzentrum für Schwerionenforschung GmbH$$b0$$kGSI
000109291 9101_ $$0I:(DE-Ds200)20121206GSI$$6P:(DE-Ds200)OR0788$$aGSI Helmholtzzentrum für Schwerionenforschung GmbH$$b1$$kGSI
000109291 9131_ $$0G:(DE-HGF)POF3-899$$1G:(DE-HGF)POF3-890$$2G:(DE-HGF)POF3-800$$3G:(DE-HGF)POF3$$4G:(DE-HGF)POF$$aDE-HGF$$bProgrammungebundene Forschung$$lohne Programm$$vohne Topic$$x0
000109291 9141_ $$y2014
000109291 920__ $$lyes
000109291 9201_ $$0I:(DE-Ds200)ATP-20051214OR020$$kATP$$lAtomphysik$$x0
000109291 9201_ $$0I:(DE-Ds200)SHP-20080822OR107$$kSHP$$lSHE Physik$$x1
000109291 980__ $$apatent
000109291 980__ $$aVDB
000109291 980__ $$aI:(DE-Ds200)20110830OR020
000109291 980__ $$aI:(DE-Ds200)ATP-20051214OR020
000109291 980__ $$aI:(DE-Ds200)20110830OR107
000109291 980__ $$aI:(DE-Ds200)SHP-20080822OR107
000109291 980__ $$aUNRESTRICTED